00257nam a22000977a 4500008004100000082001900041245003000060260003500090300001400125440002000139230703b xxu||||| |||| 00| 0 eng d a348.bCLB 1989 aCommonwealth Law Bulletin bCommonwealth Secretariatc1989 aXIX,1509p n4v16x03050718